Central Library OPAC University of Rajshahi

Literary criticism : (Record no. 76462)

MARC details
000 -LEADER
fixed length control field 00811nam a2200241 i 4500
001 - CONTROL NUMBER
control field 76462
003 - CONTROL NUMBER IDENTIFIER
rucl marc code BD-RjUL
005 - DATE AND TIME OF LATEST TRANSACTION
control field 20211209082840.0
008 - FIXED-LENGTH DATA ELEMENTS--GENERAL INFORMATION
fixed length control field 191205r19701957enk b 001 1 eng u
035 ## - SYSTEM CONTROL NUMBER
System control number (BD-RjUL) 76683
040 ## - CATALOGING SOURCE
Original cataloging agency CCH
Modifying agency BD-RjUL
Language of cataloging eng
Transcribing agency CCH
041 ## - LANGUAGE CODE
Language code of text/sound track or separate title eng
082 00 - DEWEY DECIMAL CLASSIFICATION NUMBER
Classification number 801.95
Author mark and year WIL 1970
Edition number 21
100 1# - MAIN ENTRY--PERSONAL NAME
Personal name Wimsatt, William K.
Fuller form of name (William Kurtz),
Dates associated with a name 1907-1975.
9 (RLIN) 3208
245 10 - TITLE STATEMENT
Title Literary criticism :
Remainder of title a short history /
Statement of responsibility, etc. William K. Wimsatt & Cleanth Brooks
Number of part/section of a work I :
Name of part/section of a work Classical criticism
250 ## - EDITION STATEMENT
Edition statement Indian Edition
260 ## - PUBLICATION, DISTRIBUTION, ETC. (IMPRINT)
Place of publication, distribution, etc. Calcutta :
Name of publisher, distributor, etc. oxford & IBH,
Date of publication, distribution, etc. c1967 [r 1970].
300 ## - PHYSICAL DESCRIPTION
Pagination xviii , 755 p. ;
Size 24 cm.
504 ## - BIBLIOGRAPHY, ETC. NOTE
Bibliography, etc Includes bibliographies and index.
650 #0 - SUBJECT ADDED ENTRY--TOPICAL TERM
Topical term or geographic name as entry element Literature
General subdivision History and criticism.
9 (RLIN) 54345
700 1# - ADDED ENTRY--PERSONAL NAME
Personal name Brooks, Cleanth,
Dates associated with a name 1906-1994.
942 ## - ADDED ENTRY ELEMENTS (KOHA)
Source of classification or shelving scheme Dewey Decimal Classification
Koha item type Books
Holdings
Lost status Source of classification or shelving scheme Damaged status Not for loan Collection code Permanent Location Current Location Shelving location Date acquired Source of acquisition Total Checkouts Full call number Date last seen Copy number Koha item type
  Dewey Decimal Classification   Not For Loan Non-fiction Central Library, University of Rajshahi Central Library, University of Rajshahi Reading Room 10/07/1976 USIS Dhaka   801.95 WIL 1970 10/12/2019 C-1 Books
  Dewey Decimal Classification     Non-fiction Central Library, University of Rajshahi Central Library, University of Rajshahi   10/12/2019     801.95 WIL 1970 10/12/2019 C-2 Books
  Dewey Decimal Classification     Non-fiction Central Library, University of Rajshahi Central Library, University of Rajshahi   10/12/2019     801.95 WIL 1970 10/12/2019 C-3 Books